[Event "Regionalliga SW 0708"]
[Site "Bayern"]
[Date "2008.04.20"]
[Round "9.6"]
[White "Uhlmann, Helge"]
[Black "Barth, Thomas"]
[Result "1/2-1/2"]
[WhiteElo "2089"]
[BlackElo "1915"]
[PlyCount "44"]
[EventDate "2007.10.21"]
[EventType "team-tourn"]
[EventRounds "9"]
[EventCountry "GER"]
[SourceTitle "EXT 2009"]
[Source "ChessBase"]
[SourceDate "2008.11.26"]
[SourceVersion "1"]
[SourceVersionDate "2008.11.26"]
[SourceQuality "1"]
[WhiteTeam "Muenchen Tarrasch II"]
[BlackTeam "Unterhaching"]
[WhiteTeamCountry "GER"]
[BlackTeamCountry "GER"]

1. Nf3 c5 2. g3 Nf6 3. Bg2 Nc6 4. 0-0 d5 5. d3 e6 6. Nc3 d4 7. Nb1 Be7 8. a4 0-0 9. Na3 Nd5 10. e4 dxe3 11. fxe3 e5 12. e4 Nc7 13. Nc4 f6 14. Nh4 Be6 15. Ne3 Qd7 16. c4 Nb4 17. Nd5 Ncxd5 18. cxd5 Bg4 19. Bf3 Bh3 20. Be3 f5 21. Nxf5 Bxf5 22. exf5 Qxf5 1/2-1/2

[Event "Regionalliga SW 0708"]
[Site "Bayern"]
[Date "2007.12.09"]
[Round "4.7"]
[White "Gerhofer, Stefan"]
[Black "Barth, Thomas"]
[Result "1/2-1/2"]
[WhiteElo "1835"]
[BlackElo "1911"]
[PlyCount "46"]
[EventDate "2007.10.21"]
[EventType "team-tourn"]
[EventRounds "9"]
[EventCountry "GER"]
[SourceTitle "EXT 2009"]
[Source "ChessBase"]
[SourceDate "2008.11.26"]
[SourceVersion "1"]
[SourceVersionDate "2008.11.26"]
[SourceQuality "1"]
[WhiteTeam "Klosterlechfeld"]
[BlackTeam "Unterhaching"]
[WhiteTeamCountry "GER"]
[BlackTeamCountry "GER"]

1. d4 Nf6 2. c4 c5 3. Nf3 cxd4 4. Nxd4 e6 5. Nc3 Bb4 6. Bd2 Nc6 7. e3 0-0 8. Be2 Bc5 9. Nb3 Be7 10. 0-0 d5 11. Rc1 dxc4 12. Bxc4 Ne5 13. Be2 Nd3 14. Rb1 Qd7 15. Nd4 Ne5 16. Qc2 a6 17. Ne4 Nd5 18. Nf3 Nxf3+ 19. Bxf3 b6 20. Rfd1 Bb7 21. Ng3 Rac8 22. Qd3 Bc6 23. Rbc1 Bb5 1/2-1/2

[Event "Regionalliga SW 0607"]
[Site "Bayern"]
[Date "2006.10.29"]
[Round "2.8"]
[White "Uhlmann, Helge"]
[Black "Barth, Thomas"]
[Result "1-0"]
[WhiteElo "2097"]
[BlackElo "1939"]
[PlyCount "93"]
[EventDate "2006.10.15"]
[EventType "team-tourn"]
[EventRounds "9"]
[EventCountry "GER"]
[SourceTitle "EXT 2008"]
[Source "ChessBase"]
[SourceDate "2007.11.25"]
[SourceVersion "1"]
[SourceVersionDate "2007.11.25"]
[SourceQuality "1"]
[WhiteTeam "Muenchen Tarrasch II"]
[BlackTeam "Unterhaching"]
[WhiteTeamCountry "GER"]
[BlackTeamCountry "GER"]

1. d4 Nf6 2. Nf3 e6 3. g3 c5 4. Bg2 Nc6 5. 0-0 Be7 6. c4 cxd4 7. Nxd4 0-0 8. Nc3 d5 9. cxd5 Nxd5 10. Nxd5 exd5 11. Nxc6 bxc6 12. Be3 Bf6 13. Qd2 Rb8 14. Bd4 Bxd4 15. Qxd4 Qb6 16. Qxb6 Rxb6 17. b3 Re8 18. e3 Bf5 19. Rfc1 Kf8 20. Rc5 Ra6 21. Bf1 Rb6 22. Rac1 Bd7 23. Ra5 Ra8 24. Bg2 f5 25. Rc3 Ke7 26. a3 a6 27. Bf1 Kd6 28. b4 Bc8 29. Bd3 g6 30. Kg2 Bb7 31. Rcc5 Re8 32. Kf3 Bc8 33. Ra4 h6 34. Rca5 g5 35. Bxa6 g4+ 36. Ke2 Be6 37. Bd3 d4 38. Ra6 Rxa6 39. Rxa6 dxe3 40. b5 Bd5 41. fxe3 Kc5 42. a4 Bf3+ 43. Kd2 Rd8 44. Kc3 Re8 45. bxc6 Rxe3 46. c7 Bb7 47. Ra8 1-0

[Event "Regionalliga SW 0405"]
[Site "Bayern"]
[Date "2005.01.30"]
[Round "6.7"]
[White "Niebergall, Gerhard"]
[Black "Barth, Thomas"]
[Result "1/2-1/2"]
[WhiteElo "1999"]
[BlackElo "1961"]
[PlyCount "82"]
[EventDate "2004.10.24"]
[EventType "team-tourn"]
[EventRounds "9"]
[EventCountry "GER"]
[SourceTitle "EXT 2007"]
[Source "ChessBase"]
[SourceDate "2006.11.23"]
[SourceVersion "1"]
[SourceVersionDate "2006.11.23"]
[SourceQuality "1"]
[WhiteTeam "Bayern Muenchen III"]
[BlackTeam "Unterhaching"]
[WhiteTeamCountry "GER"]
[BlackTeamCountry "GER"]

1. e4 c5 2. c3 Nf6 3. e5 Nd5 4. d4 cxd4 5. Nf3 Nc6 6. cxd4 d6 7. Bc4 Nb6 8. Bb5 dxe5 9. Nxe5 Bd7 10. Nxd7 Qxd7 11. Nc3 e6 12. 0-0 Rd8 13. a4 Nd5 14. Qg4 Nf6 15. Qf3 a6 16. Bxc6 Qxc6 17. Qxc6+ bxc6 18. Rd1 h6 19. Bf4 Bd6 20. Be5 Bxe5 21. dxe5 Rxd1+ 22. Rxd1 Nd5 23. Nxd5 cxd5 24. Rd4 Kd7 25. Rb4 Rc8 26. Kf1 Rc4 27. Rb7+ Kc6 28. Rxf7 Rxa4 29. Rxg7 d4 30. Rg6 Kd5 31. Rxh6 Rb4 32. Rh3 Rxb2 33. Ra3 Kxe5 34. g3 Kd5 35. h4 Rb6 36. h5 e5 37. Ke2 Ke4 38. f3+ Kf5 39. Ra5 Rb2+ 40. Kd3 Rb3+ 41. Ke2 Rb2+ 1/2-1/2

[Event "Regionalliga SW 0304"]
[Site "Bayern"]
[Date "2004.04.25"]
[Round "9.7"]
[White "Barth, Thomas"]
[Black "Schoenbauer, Max"]
[Result "0-1"]
[WhiteElo "1921"]
[BlackElo "1991"]
[PlyCount "120"]
[EventDate "2003.10.??"]
[EventType "team-tourn"]
[EventRounds "9"]
[EventCountry "GER"]
[SourceTitle "EXT 2006"]
[Source "ChessBase"]
[SourceDate "2005.11.24"]
[SourceVersion "1"]
[SourceVersionDate "2005.11.24"]
[SourceQuality "1"]
[WhiteTeam "Unterhaching"]
[BlackTeam "Muenchen Tarrasch II"]
[WhiteTeamCountry "GER"]
[BlackTeamCountry "GER"]

1. c4 Nf6 2. Nc3 e5 3. Nf3 Nc6 4. g3 d6 5. Bg2 Be7 6. d4 Bf5 7. d5 Nb8 8. 0-0 Qc8 9. Re1 0-0 10. e4 Bg4 11. Qc2 a5 12. a3 Na6 13. Nh4 Nc5 14. f3 Bd7 15. Be3 b6 16. b4 Nb7 17. Nf5 Bd8 18. g4 g6 19. Ng3 Kg7 20. Qd2 Ng8 21. g5 f6 22. h4 f5 23. f4 Ne7 24. fxe5 dxe5 25. exf5 Nxf5 26. Nxf5+ Bxf5 27. Bf2 axb4 28. axb4 Rxa1 29. Rxa1 Nd6 30. c5 bxc5 31. bxc5 Nf7 32. Qe2 Bh3 33. Bg3 Bxg2 34. Kxg2 Kg8 35. Rf1 Be7 36. Ne4 Qb7 37. Qc4 Kg7 38. Kh2 Qc8 39. Qc3 Qg4 40. Bxe5+ Kg8 41. Nf6+ Bxf6 42. Bxf6 Qxh4+ 43. Qh3 Qxh3+ 44. Kxh3 Nxg5+ 45. Kg2 Ne4 46. Be5 Rxf1 47. Kxf1 Nxc5 48. Bxc7 Kf7 49. Ke2 Kf6 50. Ke3 g5 51. Kd4 Nd7 52. Ke4 h5 53. Bd8+ Kg6 54. d6 h4 55. Be7 h3 56. Kf3 g4+ 57. Kg3 Kf5 58. Bd8 Nf6 59. Bc7 Ne4+ 60. Kh2 Ke6 0-1

[Event "Regionalliga SW 0203"]
[Site "Bayern"]
[Date "2003.03.09"]
[Round "8.8"]
[White "Spielberger, Horst"]
[Black "Barth, Thomas"]
[Result "1-0"]
[WhiteElo "1949"]
[BlackElo "1963"]
[PlyCount "53"]
[EventDate "2002.10.20"]
[EventType "team-tourn"]
[EventRounds "9"]
[EventCountry "GER"]
[SourceTitle "EXT 2004"]
[Source "ChessBase"]
[SourceDate "2003.11.25"]
[SourceVersion "1"]
[SourceVersionDate "2003.11.25"]
[SourceQuality "1"]
[WhiteTeam "Muenchen 77 Nord"]
[BlackTeam "Unterhaching"]
[WhiteTeamCountry "GER"]
[BlackTeamCountry "GER"]

1. e3 c5 2. f4 Nc6 3. Nf3 Nf6 4. d4 e6 5. c3 Be7 6. Bd3 d5 7. Nbd2 cxd4 8. exd4 0-0 9. Ne5 Bd7 10. 0-0 Rc8 11. Kh1 Qb6 12. Qe2 Rfd8 13. Ndf3 g6 14. f5 gxf5 15. Nxc6 Bxc6 16. Bxf5 Bb5 17. Bd3 Bxd3 18. Qxd3 Ne4 19. Ne5 f6 20. Ng4 f5 21. Nh6+ Kg7 22. Qh3 Rf8 23. g4 Ng5 24. Qh5 f4 25. Rxf4 Rxf4 26. Bxf4 Qd8 27. h4 1-0

[Event "Regionalliga SW 0203"]
[Site "Bayern"]
[Date "2003.01.26"]
[Round "5.8"]
[White "Barth, Thomas"]
[Black "Henning, Markus"]
[Result "0-1"]
[WhiteElo "1963"]
[BlackElo "1906"]
[PlyCount "37"]
[EventDate "2002.10.20"]
[EventType "team-tourn"]
[EventRounds "9"]
[EventCountry "GER"]
[SourceTitle "EXT 2004"]
[Source "ChessBase"]
[SourceDate "2003.11.25"]
[SourceVersion "1"]
[SourceVersionDate "2003.11.25"]
[SourceQuality "1"]
[WhiteTeam "Unterhaching"]
[BlackTeam "Muenchen RTA"]
[WhiteTeamCountry "GER"]
[BlackTeamCountry "GER"]

1. c4 Nf6 2. Nc3 d5 3. cxd5 Nxd5 4. Nf3 Nxc3 5. bxc3 c6 6. e4 Bg4 7. Bc4 e6 8. 0-0 Nd7 9. d4 Qa5 10. Qd3 Qh5 11. Ne1 Bd6 12. e5 Bxe5 13. dxe5 Nxe5 14. Qe4 Nxc4 15. h3 Be2 16. g4 Qe5 17. Qxe5 Nxe5 18. f4 Bxf1 19. Kxf1 0-1

[Event "Regionalliga SW 0102"]
[Site "Bayern"]
[Date "2002.03.17"]
[Round "7.8"]
[White "Rueb, Werner"]
[Black "Barth, Thomas"]
[Result "1-0"]
[WhiteElo "1915"]
[BlackElo "2005"]
[PlyCount "131"]
[EventDate "2001.10.07"]
[EventType "team-tourn"]
[EventRounds "9"]
[EventCountry "GER"]
[SourceTitle "EXT 2003"]
[Source "ChessBase"]
[SourceDate "2002.11.25"]
[SourceVersion "1"]
[SourceVersionDate "2002.11.25"]
[SourceQuality "1"]
[WhiteTeam "Pasing II"]
[BlackTeam "Unterhaching"]
[WhiteTeamCountry "GER"]
[BlackTeamCountry "GER"]

1. e4 c5 2. Nf3 Nc6 3. c3 Nf6 4. e5 Nd5 5. d4 cxd4 6. cxd4 d6 7. exd6 Qxd6 8. Nc3 Bf5 9. Nxd5 Qxd5 10. a3 g6 11. Be3 Bg7 12. Qa4 0-0 13. Bc4 Qa5+ 14. Qxa5 Nxa5 15. Ba2 Rac8 16. 0-0 Bd3 17. Rfe1 Bc4 18. Bxc4 Nxc4 19. Re2 Nxe3 20. fxe3 Rfd8 21. Rf1 h6 22. g3 Rc6 23. Kg2 e6 24. Rfe1 a5 25. Rf1 Rc4 26. Rff2 Rdc8 27. Nd2 R4c6 28. Nf3 Rc4 29. Nd2 Rc2 30. Nf3 Rxe2 31. Rxe2 Rc4 32. Rf2 Kf8 33. Rd2 g5 34. g4 Ke7 35. Kf2 Kd6 36. Ke2 f5 37. h3 Kd5 38. Kd3 Rc1 39. gxf5 exf5 40. Rf2 Rc8 41. Nxg5 hxg5 42. Rxf5+ Ke6 43. Rxg5 Bf6 44. Rxa5 Rh8 45. Rb5 Rxh3 46. Rb6+ Kf5 47. Rxb7 Bg5 48. Rb5+ Kf6 49. Re5 Rh2 50. b3 Rb2 51. Rb5 Rb1 52. e4 Rd1+ 53. Kc4 Be3 54. Rd5 Ke6 55. a4 Rc1+ 56. Kd3 Bg1 57. a5 Rb1 58. Kc4 Rc1+ 59. Kb5 Re1 60. a6 Rxe4 61. Re5+ Rxe5+ 62. dxe5 Kxe5 63. Kc6 Ke6 64. b4 Ke7 65. b5 Kd8 66. Kb7 1-0